| 000 | 00000cam 2200000zi 4500 |
| 001 | 9.955391 |
| 003 | CaOODSP |
| 005 | 20260603145731 |
| 006 | m o d f |
| 007 | cr bn||||||||| |
| 008 | 250916t20252025onc ob f000 0 eng d |
| 020 | |a9780660789910 |
| 040 | |aCaOODSP|beng|erda|cCaOODSP |
| 043 | |an-cn--- |
| 086 | 1 |aBT39-88/2025E-PDF |
| 245 | 00|aPrivacy implementation notice 2025-02 : |buse of the Office of the Privacy Commissioner's privacy impact assessment online form. |
| 246 | 13|aUse of the Office of the Privacy Commissioner's privacy impact assessment online form |
| 264 | 1|aOttawa, Ontario : |bTreasury Board of Canada Secretariat = Secrétariat du Conseil du trésor du Canada, |c2025. |
| 264 | 4|c©2025 |
| 300 | |a1 online resource (4 pages). |
| 336 | |atext|btxt|2rdacontent |
| 338 | |aonline resource|bcr|2rdacarrier |
| 490 | 0 |aPrivacy implementation notice ; |v2025-02 |
| 500 | |aCover title. |
| 500 | |aIssued also in French under title: Avis de mise en œuvre sur la protection des renseignements personnels 2025-02 : utilisation du formulaire en ligne des évaluations des facteurs relatifs à la vie privée du Commissariat à la protection de la vie privée du Canada. |
| 500 | |a"Published: 2025-07-07." |
| 504 | |aIncludes bibliographical references (page 3). |
| 650 | 0|aPrivacy, Right of|xGovernment policy|zCanada. |
| 650 | 0|aData protection|xGovernment policy|zCanada. |
| 710 | 1 |aCanada. |bTreasury Board, |eissuing body. |
| 775 | 08|tAvis de mise en œuvre sur la protection des renseignements personnels 2025-02 : |w(CaOODSP)9.955392 |
| 856 | 40|qPDF|s838 KB|uhttps://publications.gc.ca/collections/collection_2026/sct-tbs/BT39-88-2025-eng.pdf |
| 856 | 4 |qHTML|sN/A|uhttps://www.canada.ca/en/treasury-board-secretariat/services/access-information-privacy/access-information-privacy-notices/privacy-implementation-notice-2025-02.html |